<?xml version="1.0" encoding="UTF-8"?>
<record
    xmlns:xsi="http://www.w3.org/2001/XMLSchema-instance"
    xsi:schemaLocation="http://www.loc.gov/MARC21/slim http://www.loc.gov/standards/marcxml/schema/MARC21slim.xsd"
    xmlns="http://www.loc.gov/MARC21/slim">

  <leader>01845cam a2200457 a 4500</leader>
  <controlfield tag="001">8682348</controlfield>
  <controlfield tag="003">OSt</controlfield>
  <controlfield tag="005">20211101111251.0</controlfield>
  <controlfield tag="006">m        d        </controlfield>
  <controlfield tag="007">cr  n         </controlfield>
  <controlfield tag="008">090408s2010    fluab   sb    001 0 eng d</controlfield>
  <datafield tag="015" ind1=" " ind2=" ">
    <subfield code="a">GBA945129</subfield>
    <subfield code="2">bnb</subfield>
  </datafield>
  <datafield tag="016" ind1="7" ind2=" ">
    <subfield code="a">015175510</subfield>
    <subfield code="2">Uk</subfield>
  </datafield>
  <datafield tag="020" ind1=" " ind2=" ">
    <subfield code="a">9781420075663 (hardcover : alk. paper)</subfield>
  </datafield>
  <datafield tag="035" ind1=" " ind2=" ">
    <subfield code="a">(WaSeSS)ssj0000248281</subfield>
  </datafield>
  <datafield tag="038" ind1=" " ind2=" ">
    <subfield code="a">khadija</subfield>
  </datafield>
  <datafield tag="040" ind1=" " ind2=" ">
    <subfield code="a">DLC</subfield>
    <subfield code="c">DLC</subfield>
    <subfield code="d">BTCTA</subfield>
    <subfield code="d">BAKER</subfield>
    <subfield code="d">YDXCP</subfield>
    <subfield code="d">UKM</subfield>
    <subfield code="d">C#P</subfield>
    <subfield code="d">OCLCA</subfield>
    <subfield code="d">BWX</subfield>
    <subfield code="d">CDX</subfield>
    <subfield code="d">DLC</subfield>
    <subfield code="d">WaSeSS</subfield>
  </datafield>
  <datafield tag="050" ind1=" " ind2="4">
    <subfield code="a">TJ810</subfield>
    <subfield code="b">.S4897 2010</subfield>
  </datafield>
  <datafield tag="082" ind1="0" ind2="0">
    <subfield code="a">621.47</subfield>
    <subfield code="2">22</subfield>
    <subfield code="b">FOS</subfield>
  </datafield>
  <datafield tag="100" ind1="1" ind2=" ">
    <subfield code="a">Foster, Robert,</subfield>
    <subfield code="d">1962 April 25-</subfield>
    <subfield code="9">83595</subfield>
  </datafield>
  <datafield tag="210" ind1="1" ind2="0">
    <subfield code="a">Solar energy:Renewable Energy &amp; Environment </subfield>
  </datafield>
  <datafield tag="245" ind1="1" ind2="0">
    <subfield code="a">Solar energy:</subfield>
    <subfield code="b">renewable energy and the environment /</subfield>
    <subfield code="c">Robert Foster, Majid Ghassemi, Alma Cota.</subfield>
  </datafield>
  <datafield tag="260" ind1=" " ind2=" ">
    <subfield code="a">Boca Raton :</subfield>
    <subfield code="b">CRC Press,</subfield>
    <subfield code="c">c2010.</subfield>
  </datafield>
  <datafield tag="490" ind1="1" ind2=" ">
    <subfield code="a">Energy and the environment</subfield>
  </datafield>
  <datafield tag="504" ind1=" " ind2=" ">
    <subfield code="a">Includes bibliographical references and index.</subfield>
  </datafield>
  <datafield tag="506" ind1=" " ind2=" ">
    <subfield code="a">License restrictions may limit access.</subfield>
  </datafield>
  <datafield tag="563" ind1=" " ind2=" ">
    <subfield code="a">Hardcover</subfield>
  </datafield>
  <datafield tag="650" ind1=" " ind2="0">
    <subfield code="a">Solar energy.</subfield>
  </datafield>
  <datafield tag="650" ind1=" " ind2="0">
    <subfield code="a">Renewable energy sources</subfield>
    <subfield code="x">Environmental aspects.</subfield>
    <subfield code="9">83596</subfield>
  </datafield>
  <datafield tag="700" ind1="1" ind2=" ">
    <subfield code="a">Ghassemi, Majid,</subfield>
    <subfield code="d">1960-</subfield>
    <subfield code="9">83597</subfield>
  </datafield>
  <datafield tag="700" ind1="1" ind2=" ">
    <subfield code="a">Cota, Alma,</subfield>
    <subfield code="d">1972-</subfield>
    <subfield code="9">83598</subfield>
  </datafield>
  <datafield tag="773" ind1=" " ind2="0">
    <subfield code="t">ENGnetBASE</subfield>
  </datafield>
  <datafield tag="773" ind1=" " ind2="0">
    <subfield code="t">ELECTRICALENGINEERINGnetBASE</subfield>
  </datafield>
  <datafield tag="773" ind1=" " ind2="0">
    <subfield code="t">MECHANICALENGINEERINGnetBASE</subfield>
  </datafield>
  <datafield tag="830" ind1=" " ind2="0">
    <subfield code="a">Energy and the environment (Boca Raton, Fla.)</subfield>
    <subfield code="9">3448</subfield>
  </datafield>
  <datafield tag="856" ind1="4" ind2="0">
    <subfield code="u">http://www.columbia.edu/cgi-bin/cul/resolve?clio8682348.001</subfield>
    <subfield code="z">Full text available from ELECTRICALENGINEERINGnetBASE</subfield>
  </datafield>
  <datafield tag="856" ind1="4" ind2="0">
    <subfield code="u">http://www.columbia.edu/cgi-bin/cul/resolve?clio8682348.002</subfield>
    <subfield code="z">Full text available from ENGnetBASE</subfield>
  </datafield>
  <datafield tag="856" ind1="4" ind2="0">
    <subfield code="u">http://www.columbia.edu/cgi-bin/cul/resolve?clio8682348.003</subfield>
    <subfield code="z">Full text available from MECHANICALENGINEERINGnetBASE</subfield>
  </datafield>
  <datafield tag="910" ind1=" " ind2=" ">
    <subfield code="a">Library of Congress record</subfield>
  </datafield>
  <datafield tag="942" ind1=" " ind2=" ">
    <subfield code="2">ddc</subfield>
    <subfield code="c">BK</subfield>
  </datafield>
  <datafield tag="999" ind1=" " ind2=" ">
    <subfield code="c">33000</subfield>
    <subfield code="d">33000</subfield>
  </datafield>
  <datafield tag="952" ind1=" " ind2=" ">
    <subfield code="0">0</subfield>
    <subfield code="1">0</subfield>
    <subfield code="2">ddc</subfield>
    <subfield code="4">0</subfield>
    <subfield code="7">0</subfield>
    <subfield code="a">SMME</subfield>
    <subfield code="b">SMME</subfield>
    <subfield code="c">GEN</subfield>
    <subfield code="d">2015-12-17</subfield>
    <subfield code="o">621.47 FOS</subfield>
    <subfield code="p">SMME-2022</subfield>
    <subfield code="r">2018-04-03</subfield>
    <subfield code="w">2015-12-17</subfield>
    <subfield code="y">BK</subfield>
  </datafield>
</record>
